Library Catalog

Schaum's outline of theory and problems of programming with fortran / (Record no. 245619)

MARC details
000 -LEADER
fixed length control field 00819nam a2200205Ia 4500
003 - CONTROL NUMBER IDENTIFIER
control field OSt
005 - DATE AND TIME OF LATEST TRANSACTION
control field 20260326092918.0
008 - FIXED-LENGTH DATA ELEMENTS--GENERAL INFORMATION
fixed length control field 240806s9999||||xx |||||||||||||| ||und||
020 ## - INTERNATIONAL STANDARD BOOK NUMBER
International Standard Book Number Schaum's outline series
040 ## - CATALOGING SOURCE
Original cataloging agency Kenya National Library Service
082 ## - DEWEY DECIMAL CLASSIFICATION NUMBER
Classification number 001.6424 LIP
100 ## - MAIN ENTRY--PERSONAL NAME
Personal name Lipschutz, Seymour
245 #0 - TITLE STATEMENT
Title Schaum's outline of theory and problems of programming with fortran /
Statement of responsibility, etc. Seymour Lipschutz and Arthur Poe
300 ## - PHYSICAL DESCRIPTION
Extent 314 pages :
Other physical details illustrations, index ;
Dimensions 28 cm.
520 ## - SUMMARY, ETC.
Summary, etc. This book is suitable as a text for an introductory course in Fortran programs by stressing programming techniques as well as good programming practices.
650 ## - SUBJECT ADDED ENTRY--TOPICAL TERM
Topical term or geographic name entry element Fortran ( computer program language)
700 ## - ADDED ENTRY--PERSONAL NAME
Personal name Poe, Arthur
942 ## - ADDED ENTRY ELEMENTS (KOHA)
Koha item type Books
Source of classification or shelving scheme Dewey Decimal Classification
Holdings
Withdrawn status Damaged status Not for loan Collection Home library Current library Shelving location Date acquired Source of acquisition Cost, normal purchase price Total checkouts Full call number Barcode Date last seen Price effective from Koha item type
      Legal Deposit Preservation, Conservation & Publication Preservation, Conservation & Publication   12/31/2010 LEG 300.00   001.6424 LIP KNLS052016 06/23/2025 02/19/2024 Books

© 2025, Kenya National Library Service | Designed & Maintained by Uvumbuzi Center